| 000 | 00991cam a22002531 4500 | ||
|---|---|---|---|
| 001 | gs 37000101 | ||
| 003 | DLC | ||
| 005 | 20260227111341.0 | ||
| 008 | 840922s1936 dcuabf b f000 0 eng c | ||
| 010 | _ags 37000101 | ||
| 035 | _a(OCoLC)11184634 | ||
| 040 |
_aU.S. Geol. survey. Library _cCLS _dCLS _dDLC |
||
| 050 | 0 | 0 |
_aQE75 _b.B9 no. 861 |
| 100 | 1 |
_aWaring, Gerald A. _q(Gerald Ashley), _d1883- |
|
| 245 | 1 | 0 |
_aGeology of the Anthracite Ridge coal district, Alaska, _cby Gerald A. Waring. |
| 260 |
_aWashington, _bU.S. Govt. Print. Off., _c1936. |
||
| 300 |
_aiv, 57 p. incl. illus., tables, diagrs. _b14 pl. on 12 l. (incl. 3 fold. maps (in pocket) 5 fold. diagr. (in pocket) _c28 cm. |
||
| 490 | 0 |
_aU.S. Geological survey. Bulletin _v861 |
|
| 500 | _aAt head of title: United States Department of the interior. | ||
| 504 | _aBibliographical foot-notes. | ||
| 650 | 0 |
_aGeology _zAlaska. |
|
| 650 | 0 |
_aCoal _zAlaska. |
|
| 740 | 0 | _aAnthracite Ridge coal District, Alaska Geology of the. | |
| 999 |
_c27343 _d27343 |
||